Ancient Nubia : Egypt's rival in Africa/

محفوظ في:

المؤلف الرئيسي: O'Connor, David B. (مؤلف)

التنسيق: كتاب

اللغة: Undetermined

منشور في: Philadelphia: University Museum of Archaeology and Anthropology, University of Pennsylvania, 1993.

الموضوعات:

الوسوم: إضافة وسم

لا توجد وسوم, كن أول من يضع وسما على هذه التسجيلة!

رقم الطلب: DT159.6 .N83 O25

LEADER 00764nam a2200193Ia 4500
008 211223s9999||||xx |||||||||||||| ||und||
020 |a 924171286 
050 4 |a DT159.6 .N83 O25  
100 1 |a O'Connor, David B.  |e author. 
245 1 0 |a Ancient Nubia :  |b Egypt's rival in Africa/  |c DavidB. O'Connor. 
264 1 |a Philadelphia:  |b University Museum of Archaeology and Anthropology, University of Pennsylvania,  |c 1993. 
300 |a XIV, 178 p., (16) p. of p.lates:  |b ill. (some col.), col. Maps;  |c 31 
336 |a text  |b txt  |2 rdacontent 
337 |a unmediated  |b n  |2 rdamedia 
338 |a volume  |b nc  |2 rdacarrier 
650 1 4 |a Nubia History. 
942 |2 lcc  |c BK 
952 |0 0  |1 0  |2 lcc  |4 0  |7 1  |9 31864  |a ARCE  |b ARCE  |d 2022-01-25  |l 0  |r 2022-01-25 00:00:00  |w 2022-01-25  |y BK 
999 |c 41091  |d 41091